LEADER 00721nam0-22002771i-450- 001 990002875270403321 010 1$a0-333-65788-8 035 $a000287527 035 $aFED01000287527 035 $a(Aleph)000287527FED01 035 $a000287527 100 $a20000920d1997----km-y0itay50------ba 101 1$aENG 200 1 $aAfter fordism$fRobert Boyer 210 $aLondon$cMacMillan$d1997 215 $avii, 156 p.$d23 cm 700 1$aBoyer,$bRobert$f<1943- >$0117074 702 1$aDurand,$bJean-Pierre 801 0$aIT$bUNINA$gRICA$2UNIMARC 901 $aBK 912 $a990002875270403321 952 $a0-9-221-TI$b5932$fECA 959 $aECA 996 $aAfter fordism$9416405 997 $aUNINA DB $aING01 LEADER 01018nam--2200349---450- 001 990006074410203316 005 20150917113845.0 035 $a000607441 035 $aUSA01000607441 035 $a(ALEPH)000607441USA01 035 $a000607441 100 $a20150917d--------km-y0itay50------ba 101 $aita 102 $aIT 105 $a||||||||001yy 200 1 $a<> III Convegno degli Studi Romagnoli a Ravenna$fAugusto Campana 210 $aFaenza$cFratelli Lega$d[s.d.] 215 $aXVI p.$d24 cm 300 $aEstratto da: Studi Romagnoli, 3 (1952) 410 0$12001 454 1$12001 606 0 $aRavenna$xStoria$xAtti di congressi$2BNCF 676 $a945.471 700 1$aCAMPANA,$bAugusto$0153777 801 0$aIT$bsalbc$gISBD 912 $a990006074410203316 951 $aFC.OE. 1067$b1198 FCil$cFC.OE.$d00346412 959 $aBK 969 $aFCIL 979 $aGENEROSO$b90$c20150917$lUSA01$h1138 996 $aIII Convegno degli Studi Romagnoli a Ravenna$91487959 997 $aUNISA